Inovatívne spôsoby financovania nových produktov pri ich uplatňovaní na trhu diplomová práca

Guardado en:
Detalles Bibliográficos
Autor principal: Csintalanová, Vivien
Autor Corporativo: Obchodná fakulta EU. Katedra tovaroznalectva a kvality tovaru
Otros Autores: Dudeková, Alena, 1986-
Formato: Libro
Lenguaje:eslovaco
Publicado: Bratislava 2016
Etiquetas: Agregar Etiqueta
Sin Etiquetas, Sea el primero en etiquetar este registro!

MARC

LEADER 00000nbm a2200000 4500
001 0216785
005 20161201143941.4
041 0 |a slo 
044 |a SK 
245 1 0 |a Inovatívne spôsoby financovania nových produktov pri ich uplatňovaní na trhu  |b diplomová práca  |c Vivien Csintalanová ; školiteľ: Alena Dudeková 
264 1 |a Bratislava  |c 2016 
300 |a 72 s. 
100 1 |a Csintalanová, Vivien 
700 1 |a Dudeková, Alena, 1986- 
710 2 |a Obchodná fakulta EU. Katedra tovaroznalectva a kvality tovaru